000 00509nam a2200181 a 4500
003 PILC
005 20150112093442.0
008 100713s19uu xx 00 eng d
020 _a0072494123
050 _aBF 121
_b.Sa265 2003
082 _aPSF 150
_bSa52 2003
100 _aSantrock, John W.
_916677
245 _aPsychology /
_cJohn W. Santrock
260 _aBoston :
_bMcGraw-Hill Companies, Inc,
_c2003.
300 _a697 pages :
_billustration ;
_c24 cm.
650 _aPsychology
_945
942 _2lcc
_cBK
999 _c14795
_d14795